Estatísticas para Ciências 19

Clique aqui para jogar o quiz

Estatísticas Gerais

  • Esse quiz foi jogado 29 vezes
  • A pontuação média é 4 de 15

Estatísticas das Respostas

HintResposta% Correto
Que nome damos ás células maiores que os glóbulos vermelhos e que possuem função de defesa do organismo?Glóbulos brancos
79%
Que nome damos ao líquido amarelado que transporta células sanguíneas e substâncias dissolvidas?Plasma
71%
Que nome damos ao processo em que microrganismos são englobados e digeridos pelos glóbulos brancos?Fagocitose
58%
Que nome se dá á inflamação das amígdalas com sintomas de febre, dor de garganta e dificuldade em engolir?Amigdalite
54%
Que nome damos ás células sem núcleo que transportam oxigénio e algum dióxido de carbono?Glóbulos vermelhos
50%
Que nome damos ao sistema biológico constituído por um conjunto de componentes que dependem um dos outros e que interagem entre si?Organismo
42%
Que nome se dá á capacidade dos glóbulos brancos de atravessar as paredes dos capilares sanguíneos?Diapedese
13%
Que nome damos á capacidade do organismo humano regular o seu meio interno face ás alterações das condições do meio externo?Homeostasia
13%
Onde se concentram glóbulos brancos e ocorre defesa do organismoAmígdalas
8%
Que nome se dá á doença em que o indivíduo tem uma perceção anormal do seu corpo e considera estar sempre acima do peso normal e tem uma dieta bastante rigorosa para não ganhar peso?Anorexia nervosa
4%
Que nome se dá á doença em que o indivíduo ingere alimentos em excesso e depois provoca o vómito e utiliza laxantes para eliminar o que ingeriu em demasia?Bulimia nervosa
4%
Que nome se dá á linfa que circula nos vasos linfáticos?Linfa circulante
4%
Que nome se dá á linfa existente nos espaços entre as células?Linfa intersticial
4%
Que nome damos a fragmentos celulares que têm como função a coagulação do sangue?Plaquetas sanguíneas
4%
Onde se desenvolvem e se selecionam os glóbulos brancos?Timo
4%

Distribuição das Pontuações

Percentil de Números Respondidos

Porcentagem de Pessoas com Cada Pontuação

Sua Pontuação Histórica

Você não jogou esse quiz